[Event "Schweinfurt op 29th"]
[Site "Schweinfurt"]
[Date "2019.06.20"]
[Round "2"]
[White "Memmel, Stefan"]
[Black "Reichert, Claudia"]
[Result "0-1"]
[WhiteElo "1365"]
[BlackElo "1682"]
[PlyCount "50"]
[EventDate "2019.06.20"]
[EventType "swiss"]
[EventRounds "7"]
[EventCountry "GER"]
[SourceTitle "CBM 191 Extra"]
[Source "ChessBase"]
[SourceDate "2019.09.30"]
[SourceVersion "1"]
[SourceVersionDate "2019.09.30"]
[SourceQuality "1"]

1. e4 e6 2. d4 d5 3. exd5 exd5 4. Nf3 g6 5. Be2 Bg7 6. 0-0 Nf6 7. Re1 0-0 8. Nc3 Nc6 9. Bg5 Bf5 10. a3 a6 11. Bd3 Bxd3 12. Qxd3 Qd6 13. Bh4 Rfe8 14. Bg3 Qd7 15. h3 Nh5 16. Bh2 f5 17. Ne2 Re7 18. c3 Rae8 19. Kf1 b5 20. Nf4 Nxf4 21. Bxf4 Na5 22. Re2 Rxe2 23. Qxe2 Rxe2 24. Kxe2 Qe7+ 25. Kd3 Qe4+ 0-1

[Event "Unterfranken-ch HA 63th"]
[Site "Schweinfurt"]
[Date "2012.04.11"]
[Round "4"]
[White "Linz, Maximilian"]
[Black "Memmel, Stefan"]
[Result "1-0"]
[WhiteElo "1382"]
[BlackElo "1135"]
[PlyCount "121"]
[EventDate "2012.04.09"]
[EventType "swiss"]
[EventRounds "9"]
[EventCountry "GER"]
[SourceTitle "EXT 2015"]
[Source "ChessBase"]
[SourceDate "2014.11.20"]
[SourceVersion "1"]
[SourceVersionDate "2014.11.20"]
[SourceQuality "1"]

1. e4 e6 2. f4 d5 3. e5 c5 4. Nf3 f6 5. Bb5+ Bd7 6. Bxd7+ Qxd7 7. c3 c4 8. 0-0 Bc5+ 9. Kh1 Nc6 10. b3 b5 11. a4 Na5 12. b4 Nb3 13. Ra2 Bb6 14. a5 Bd8 15. Bb2 Nh6 16. h3 0-0 17. d3 Nf5 18. Re1 a6 19. Nbd2 Nxd2 20. Qxd2 Qc6 21. Raa1 Bc7 22. dxc4 bxc4 23. Nd4 Nxd4 24. Qxd4 fxe5 25. fxe5 Qd7 26. Ba3 Rf7 27. Rf1 Raf8 28. Rxf7 Qxf7 29. b5 Rb8 30. b6 Bd8 31. Bd6 Rb7 32. Kg1 Qe8 33. Rf1 Be7 34. Qc5 Rd7 35. Bxe7 Qxe7 36. Qxe7 Rxe7 37. Rf4 Re8 38. Kf2 Rc8 39. Kg3 Rb8 40. h4 Rb7 41. h5 h6 42. Kh4 Re7 43. g4 Rb7 44. g5 hxg5+ 45. Kxg5 Kh7 46. Rh4 Re7 47. h6 gxh6+ 48. Rxh6+ Kg7 49. Rf6 Re8 50. Kf4 Re7 51. Ke3 Re8 52. Kd4 Re7 53. Kc5 Re8 54. Kc6 d4 55. cxd4 c3 56. Rf1 Re7 57. Kd6 Rf7 58. Rxf7+ Kxf7 59. b7 c2 60. b8Q c1Q 61. Qc7+ 1-0

[Event "Schweinfurt op"]
[Site "Schweinfurt"]
[Date "2007.05.17"]
[Round "1"]
[White "Memmel, Stefan"]
[Black "Ley, Reinhard"]
[Result "0-1"]
[WhiteElo "819"]
[BlackElo "1887"]
[PlyCount "96"]
[EventDate "2007.05.17"]
[EventType "swiss"]
[EventRounds "7"]
[EventCountry "GER"]
[SourceTitle "CBM 118 Extra"]
[Source "ChessBase"]
[SourceDate "2007.07.04"]
[SourceVersion "1"]
[SourceVersionDate "2007.07.04"]
[SourceQuality "1"]

1. Nf3 d5 2. d4 Bf5 3. Nc3 Nc6 4. e3 Nb4 5. Bd3 Nxd3+ 6. cxd3 Nf6 7. 0-0 e6 8. Re1 c6 9. e4 dxe4 10. dxe4 Bg4 11. Bg5 Be7 12. e5 Nd5 13. Bxe7 Qxe7 14. Nxd5 cxd5 15. Qa4+ Qd7 16. Qxd7+ Kxd7 17. Re3 Rac8 18. h3 Bxf3 19. Rxf3 Ke7 20. Rc3 Rxc3 21. bxc3 Rc8 22. Rb1 b6 23. Rb3 Kd7 24. Kf1 Rc4 25. Ke2 Kc6 26. Kd3 a5 27. a3 b5 28. f3 f6 29. exf6 gxf6 30. g4 Kb6 31. f4 Ka6 32. g5 Rc7 33. gxf6 Rf7 34. Ke3 Rxf6 35. Kf3 Rg6 36. Rb2 Rg1 37. Rg2 Rc1 38. Rg7 Rxc3+ 39. Kg4 b4 40. f5 exf5+ 41. Kxf5 b3 42. Rg1 Rxh3 43. Rb1 Kb5 44. Kg4 Rd3 45. Kh5 Kc4 46. Rc1+ Kxd4 47. Rb1 Kc5 48. Rc1+ Kd6 0-1